00385 a2200157 4500003000400000005001700004008004100021020001800062040000900080082002200089100001800111245004400129250001200173260003200185300001000217OSt20240125115818.0240125b |||||||| |||| 00| 0 eng d a9789387961623 coclc a909.097671bFAI/B aFaizi, Yousuf aBadar Charitrapusthakam /cYousuf Faizi a2nd ed. aCalicut:bIPB Books,c2019. a330p.